000 00730nam a2200289Ia 4500
005 20260324130229.0
008 008 260324s9999 xx 000 0 eng d
020 _a9781315425771
037 _aEBOOK
040 _aCRL
040 _beng
040 _cCRL
041 _2eng
041 _aeng
084 _qCRL
100 _aLarry J Zimmerman; Joe E Watkins; Dorothy Lippert; Claire E Smith; Heather Burke
_91180991
245 0 _aKennewick Man
245 0 _bPerspectives on the Ancient One
260 _bTaylor and Francis
260 _c2008
365 _a
365 _b255
856 _uhttp://www.taylorfrancis.com/books/9781315425771
942 _cEBOOK
999 _c1776986
_d1776986